Построение аналитических моделей природных резервуаров нефти с применением преобразования Фурье; Нефтяное хозяйство; № 10

Бібліографічні деталі
Parent link:Нефтяное хозяйство: научно-технический производственный журнал.— , 1925-1940, 1946-.— 0028-2448
№ 10.— 2003.— С. 56-59
Автор: Долгаль А. С.
Інші автори: Шелепов В. В.
Мова:Російська
Опубліковано: 2003
Серія:Геология и геолого-разведочные работы
Предмети:
Формат: MixedMaterials Частина з книги
KOHA link:https://koha.lib.tpu.ru/cgi-bin/koha/opac-detail.pl?biblionumber=388590

MARC

LEADER 00000naa2a2200000 4500
001 388590
005 20231101063750.0
035 |a (RuTPU)RU\TPU\prd\19885 
090 |a 388590 
100 |a 20031121a2003 k y0rusy50 ca 
101 0 |a rus 
102 |a RU 
200 1 |a Построение аналитических моделей природных резервуаров нефти с применением преобразования Фурье  |f А. С. Долгаль, В. В. Шелепов 
225 1 |a Геология и геолого-разведочные работы 
320 |a Библиогр.: 8 назв. 
461 1 |0 (RuTPU)RU\TPU\prd\1638  |x 0028-2448  |t Нефтяное хозяйство  |o научно-технический производственный журнал  |d 1925-1940, 1946- 
463 1 |0 (RuTPU)RU\TPU\prd\19749  |t № 10  |v С. 56-59  |d 2003 
610 1 |a нефть 
610 1 |a природные резервуары 
610 1 |a аналитические модели 
610 1 |a построение 
610 1 |a преобразования Фурье 
675 |a 519.6:553.98  |v 3 
700 1 |a Долгаль  |b А. С. 
701 1 |a Шелепов  |b В. В. 
801 1 |a RU  |b 63413507  |c 20031121  |g PSBO 
801 2 |a RU  |b 63413507  |c 20131028  |g RCR 
942 |c BK